Central Library OPAC University of Rajshahi

Adventure in publishing : (Record no. 61186)

MARC details
000 -LEADER
fixed length control field 00819nam a2200253 a 4500
001 - CONTROL NUMBER
control field 61186
003 - CONTROL NUMBER IDENTIFIER
rucl marc code BD-RjUL
005 - DATE AND TIME OF LATEST TRANSACTION
control field 20211209080930.0
008 - FIXED-LENGTH DATA ELEMENTS--GENERAL INFORMATION
fixed length control field 170115s1954 enk 000 0 eng d
035 ## - SYSTEM CONTROL NUMBER
System control number BD-RjUL 61310
040 ## - CATALOGING SOURCE
Original cataloging agency DLC
Transcribing agency RIU
Modifying agency UKM
-- BD-RjUL
-- EQO
Language of cataloging eng
041 ## - LANGUAGE CODE
Language code of text/sound track or separate title eng
082 ## - DEWEY DECIMAL CLASSIFICATION NUMBER
Classification number 070.50942
Edition number 23
Author mark and year LIA 1954
100 1# - MAIN ENTRY--PERSONAL NAME
Personal name Liveing, Edward G. D.
Fuller form of name (Edward George Downing),
Dates associated with a name 1895-1963.
9 (RLIN) 182538
245 10 - TITLE STATEMENT
Title Adventure in publishing :
Remainder of title the House of Ward Lock, 1854-1954 /
Statement of responsibility, etc. by Edward Liveing.
260 ## - PUBLICATION, DISTRIBUTION, ETC. (IMPRINT)
Place of publication, distribution, etc. London :
Name of publisher, distributor, etc. Ward, Lock,
Date of publication, distribution, etc. 1954
300 ## - PHYSICAL DESCRIPTION
Pagination 108 p. :
Illustrations ill. ;
Size 23 cm.
500 ## - GENERAL NOTE
General note Includes index.
General note "First published 1954".
610 20 - SUBJECT ADDED ENTRY--CORPORATE NAME
Corporate name or jurisdiction name as entry element Ward, Lock & Co.
650 #0 - SUBJECT ADDED ENTRY--TOPICAL TERM
Topical term or geographic name as entry element Publishers and publishing
Geographic subdivision Great Britain
9 (RLIN) 182540
942 ## - ADDED ENTRY ELEMENTS (KOHA)
Source of classification or shelving scheme Dewey Decimal Classification
Koha item type Books
Holdings
Lost status Source of classification or shelving scheme Damaged status Not for loan Collection code Permanent Location Current Location Shelving location Date acquired Source of acquisition Cost, normal purchase price Total Checkouts Full call number Date last seen Copy number Koha item type
  Dewey Decimal Classification   Not For Loan Non-fiction Central Library, University of Rajshahi Central Library, University of Rajshahi Reading Room 09/03/1956 Publisher, Dhaka 10.00   070.50942 LIA 1954 15/01/2017 C-1 Books